00374nam a2200121Ia 450000500170000000800410001708200130005810000150007124500230008626000390010930000140014850000900016220250704020420.0240331s9999 xx 000 0 und d bBASa954 aBasham,A.L 0aAsirimath Indiyawa aDehiwalabThisara Publishersc1965 a688 p ., aA Survey of the culture of the Indian subcontinent before the arrival of the Muslims